Risk analysis for process plant, pipelines and transport

محفوظ في:
التفاصيل البيبلوغرافية
المؤلف الرئيسي: Taylor, J. R (مؤلف)
التنسيق: كتاب
اللغة:الإنجليزية
منشور في: Londres E & FN Spon 1994
الموضوعات:
الوسوم: إضافة وسم
لا توجد وسوم, كن أول من يضع وسما على هذه التسجيلة!

MARC

LEADER 00000nam a2200000 a 4500
001 UCZ6320
003 CL-VaPUC
008 951211e19940000UK |||||||||||||||||eng|d
082 0 4 |a 620.86  |b TAY  |2 21 
100 0 |a Taylor, J. R  |e author  |9 350572 
245 1 0 |a Risk analysis for process plant, pipelines and transport 
300 |a 449 p 
942 |c BK 
945 |d 19951211 00:00:00  |a rleighto 
260 |a Londres  |b E & FN Spon  |c 1994 
650 0 |a Ingeniería   |9 259380 
650 0 |a Seguridad en el trabajo  |9 339687 
650 0 |a Gases  |9 260945 
650 7 |a FUEGO  |2 CL-VaPUC  |9 350573 
650 7 |a EXPLOSIONES  |2 CL-VaPUC  |9 350574 
583 |a last modification  |c 19951211 00:00:00  |k Rodrigo Vera 
999 |c 242534  |d 242532 
952 |0 0  |1 0  |4 0  |6 620_860000000000000_TAY_1994  |7 0  |8 A  |9 255562  |a BIBING  |b BIBING  |d 2019-11-19  |i 3158616  |o 620.86 TAY 1994  |p 3158616  |r 2023-03-02  |w 2019-11-19  |y BK  |k EIQ